000 00492nam a2200205Ia 4500
003 0100
008 130227s9999 xx 000 0 und d
040 _cARRUPELIB
050 _aH93.B328
100 _aBate, Stuart C.
245 _aUnderstanding human society
260 _aNairobi
260 _bPaulines Publications Africa
260 _C2003
300 _a127p.
300 _b 23 cm
650 _bChristian ethics--Catholic authors
650 _cAbsolute, The
942 _2lcc
_01
999 _c2364
_d2364